2023–2024 Scottish Football League Teams - Statistics

General Stats
  • This quiz has been taken 92 times
  • The average score is 30 of 42
Answer Stats
League Team % Correct
Premiership Celtic
100%
Premiership Aberdeen
99%
Premiership Rangers
97%
Premiership Dundee
96%
Premiership Heart of Midlothian
96%
Championship Dundee United
91%
Premiership Hibernian
91%
Premiership Motherwell
90%
Championship Inverness Caledonian Thistle
87%
Premiership Livingston
87%
League One Edinburgh City
85%
Premiership St Johnstone
85%
Premiership Kilmarnock
84%
Premiership Ross County
81%
Premiership St Mirren
81%
Championship Ayr United
78%
League One Hamilton Academical
75%
Championship Partick Thistle
75%
Championship Dunfermline Athletic
74%
League One Falkirk
74%
Championship Queen's Park
74%
Championship Arbroath
71%
Championship Greenock Morton
69%
League One Queen of the South
69%
Championship Raith Rovers
69%
Championship Airdrieonians
66%
League Two Dumbarton
65%
League Two East Fife
65%
League One Alloa Athletic
62%
League Two Peterhead
60%
League Two Clyde
59%
League Two Forfar Athletic
57%
League One Kelty Hearts
57%
League One Stirling Albion
57%
League One Annan Athletic
54%
League Two Stenhousemuir
54%
League One Cove Rangers
53%
League One Montrose
51%
League Two Stranraer
51%
League Two Elgin City
49%
League Two The Spartans
49%
League Two Bonnyrigg Rose
44%
No matching quizzes found
Score Distribution
Percent of People with Each Score
Percentile by Number Answered
Your Score History
You have not taken this quiz